000 00385nam a2200145 i 4500
001 bg
245 0 _aĆwiczenia laboratoryjne z fizyki :
_bpraca zbiorowa /
_cpod red. Władysława Kolki.
260 _aGdańsk,
_c1970.
700 1 _aKolka, Władysław.
_eRed.
040 _cBPK
041 _apol
080 _a53(075.8)(076)
942 _cKS
008 s pl f |000 0 pol
999 _c7195
_d7195
856 _uhttp://koha.tu.koszalin.pl/cgi-bin/koha/opac-detail.pl?biblionumber=7195
_yKatalog online BPK